000 00716nam a2200253Ia 4500
003 OSt
005 20220925215259.0
006 a|||||r|||| 00| 0
007 ta
008 220923b |||||||| |||| 00| 0 eng d
020 _a435 34 270 3
037 _cGeneral Book
040 _aRTL
_cRTL
_beng
041 _2eng
_aeng
082 _aU.73.N6, L0
100 _aDury G H
_993140
245 0 _aUnited States and Canada
260 _aLondon
_bHeinemann Educational U K
_c1970
300 _axii,323p. Bib p. 295-99
_ccm.
650 _aGeography - America
_9244788
700 _a Mathieson R S
_9282471
942 _hU.73.N6, L0
_cGB
_2CC
999 _c568347
_d568347